00729cam a22002291 4500001001300000003000400013005001700017008004100034010001700075035002000092040002300112042001200135050001500147245005900162260003800221300004100259500004000300501009000340650002700430700002500457999001700482he 68000947 DLC20260227111456.0870528s1967 is abc 000 0 heb  ahe 68000947  a(OCoLC)15743438 aDLCcTxUdTxUdDLC apremarc00aDS127b.M500aMilḥamah ve-nitsaḥon.c[ha-ʻOrekh: Naftali Arbel. aTel-Aviv] :bM. Mizraḥic[1967] a215 p.billus., maps, ports.c31 cm. aOn verso of t. p.: War and victory. aIn case, as issued, with Milḥemet sheshet ha-yamim. [Tel-Aviv] M. Mizraḥi [1967] 0aIsrael-Arab War, 1967.1 aArbel, Naftali,eed. c33159d33159